000
00257nam a2200109Ia 4500
008
220204s9999 xx 000 0 und d
082
_a
929 A/Z(MOU)
_b
MOU
100
_a
Mountbatten
245
0
_a
Mountbatten
260
_a
London
_b
Macmillan
_c
1979
942
_c
BK
999
_c
34994
_d
34994